[Event "Biel HTO 56th"]
[Site "Biel"]
[Date "2023.07.24"]
[Round "7"]
[White "Harikrishnan, A Ra"]
[Black "Coles, Ruben"]
[Result "1-0"]
[WhiteElo "2406"]
[BlackElo "2167"]
[PlyCount "67"]
[EventDate "2023.07.17"]
[EventType "swiss"]
[EventRounds "10"]
[EventCountry "SUI"]
[SourceTitle "CBM 215 Extra"]
[Source "ChessBase"]
[SourceDate "2023.09.30"]
[SourceVersion "1"]
[SourceVersionDate "2023.09.30"]
[SourceQuality "1"]

1. d4 d5 2. c4 e6 3. Nf3 Nf6 4. g3 Be7 5. Bg2 0-0 6. 0-0 c6 7. Nc3 a5 8. Qd3 b6 9. b3 Ba6 10. Rd1 Nbd7 11. a4 Bb4 12. Bb2 Rc8 13. Rac1 Qe7 14. e3 Rfd8 15. Qe2 c5 16. Nb5 Ne4 17. cxd5 exd5 18. dxc5 Ndxc5 19. Nfd4 g6 20. Ba1 f5 21. h4 Bb7 22. Qb2 Qg7 23. Qa2 Qe7 24. Ne2 Nf6 25. Qb2 Kf7 26. Nf4 Nce4 27. Nd3 Rxc1 28. Rxc1 Rc8 29. Rxc8 Bxc8 30. Nxb4 axb4 31. Qd4 Qe6 32. Qxb4 Nc5 33. Qc3 Bb7 34. Nc7 1-0

[Event "Biel HTO 56th"]
[Site "Biel"]
[Date "2023.07.19"]
[Round "3"]
[White "Pernutz, Hans Gerhard"]
[Black "Coles, Ruben"]
[Result "1/2-1/2"]
[WhiteElo "2054"]
[BlackElo "2167"]
[PlyCount "114"]
[EventDate "2023.07.17"]
[EventType "swiss"]
[EventRounds "10"]
[EventCountry "SUI"]
[SourceTitle "CBM 215 Extra"]
[Source "ChessBase"]
[SourceDate "2023.09.30"]
[SourceVersion "1"]
[SourceVersionDate "2023.09.30"]
[SourceQuality "1"]

1. e4 e6 2. d4 d5 3. Nd2 c5 4. exd5 exd5 5. Bb5+ Nc6 6. Ngf3 Qe7+ 7. Qe2 Qxe2+ 8. Kxe2 a6 9. Bxc6+ bxc6 10. Ne5 c4 11. b3 f6 12. Nef3 Be6 13. bxc4 dxc4 14. Rb1 0-0-0 15. Nf1 Bd5 16. Ne3 Ne7 17. Rb6 Ng6 18. Nxd5 cxd5 19. Rxa6 Kb7 20. Ra5 Kb6 21. Ra4 Bd6 22. g3 Ra8 23. Rxa8 Rxa8 24. a3 Bxa3 25. Bxa3 Rxa3 26. Rb1+ Kc7 27. h4 Ne7 28. Rc1 Rc3 29. Ne1 Nf5 30. Kd2 Ra3 31. c3 Nd6 32. f3 Ra2+ 33. Rc2 Ra1 34. Ng2 Kc6 35. Ke2 Nb5 36. Ne3 Nd6 37. Kf2 Ra3 38. Ke2 Rb3 39. Kd2 Nb5 40. Nd1 Na3 41. Rb2 Kd6 42. Kc1 Rxb2 43. Kxb2 Nb5 44. Kc2 Ke6 45. Ne3 g6 46. Ng2 g5 47. hxg5 fxg5 48. g4 Kf6 49. Ne3 Ke6 50. Nf5 Nd6 51. Ng3 Kf6 52. Kd2 Kg6 53. Nf1 Kf6 54. Ne3 Ke6 55. Nf1 Kf6 56. Ne3 Ke6 57. Nf1 Kf6 1/2-1/2

[Event "Wch FIDE Online U10 Europe qual"]
[Site "Tornelo INT"]
[Date "2020.12.08"]
[Round "3"]
[White "Coles, Ruben"]
[Black "Ivanov, Andrey6666"]
[Result "1-0"]
[WhiteElo "1308"]
[BlackElo "1261"]
[PlyCount "83"]
[EventDate "2020.12.07"]
[EventType "swiss (rapid)"]
[EventRounds "7"]
[EventCountry "ISS"]
[SourceTitle "EXT 2022"]
[Source "ChessBase"]
[SourceDate "2021.10.06"]
[SourceVersion "1"]
[SourceVersionDate "2021.10.06"]
[SourceQuality "1"]

1. c4 Nf6 2. g3 g6 3. Bg2 Bg7 4. Nc3 0-0 5. e4 d6 6. Nge2 Nc6 7. d3 Bd7 8. 0-0 Qc8 9. a3 Bh3 10. b4 Bxg2 11. Kxg2 Nd7 12. Bb2 a6 13. Qd2 Nce5 14. Nd5 Qd8 15. h3 e6 16. Ne3 f5 17. exf5 exf5 18. Nf4 Re8 19. d4 Nc6 20. d5 Nce5 21. Ne6 Qc8 22. f4 Nf7 23. Bxg7 Nd8 24. Nxd8 Qxd8 25. Bd4 Nf6 26. Bxf6 Qxf6 27. Rac1 Qe7 28. Rfe1 Qf6 29. Qc3 Qxc3 30. Rxc3 Re4 31. Nc2 Rae8 32. Rce3 Kf7 33. Rxe4 fxe4 34. Nd4 Kf6 35. Ne6 c6 36. Rxe4 cxd5 37. cxd5 Rc8 38. Kf3 Rc3+ 39. Re3 Rc4 40. Ng5 h6 41. Ne4+ Kf7 42. Nxd6+ 1-0

[Event "Wch FIDE Online U10 Europe qual"]
[Site "Tornelo INT"]
[Date "2020.12.07"]
[Round "1"]
[White "Coles, Ruben"]
[Black "Rajandu, Aaron"]
[Result "0-1"]
[WhiteElo "1308"]
[BlackElo "1117"]
[PlyCount "64"]
[EventDate "2020.12.07"]
[EventType "swiss (rapid)"]
[EventRounds "7"]
[EventCountry "ISS"]
[SourceTitle "EXT 2022"]
[Source "ChessBase"]
[SourceDate "2021.10.06"]
[SourceVersion "1"]
[SourceVersionDate "2021.10.06"]
[SourceQuality "1"]

1. c4 e5 2. g3 Nf6 3. Bg2 Nc6 4. Nc3 Bc5 5. Nf3 d6 6. d3 h6 7. 0-0 0-0 8. a3 a5 9. Nd5 Nxd5 10. cxd5 Nd4 11. Nxd4 Bxd4 12. e4 Qf6 13. Qc2 Bg4 14. Be3 Rfc8 15. Bxd4 exd4 16. f4 c5 17. f5 Qg5 18. h3 Qe3+ 19. Kh2 Be2 20. Rfe1 Bxd3 21. Qd1 Qf2 22. Qxd3 Qxb2 23. Rab1 c4 24. Qf3 Qd2 25. Rbd1 Qb2 26. Re2 Qb6 27. Qf2 c3 28. Rc2 Rc4 29. f6 g6 30. Qf4 Kh7 31. g4 Qb3 32. Qc1 Rac8 0-1

[Event "Sautron op 19th"]
[Site "Sautron"]
[Date "2019.10.19"]
[Round "9.14"]
[White "Coles, Ruben"]
[Black "Briand, Amaury"]
[Result "0-1"]
[WhiteElo "1418"]
[BlackElo "1952"]
[PlyCount "58"]
[EventDate "2019.12.10"]
[EventType "swiss"]
[EventRounds "9"]
[EventCountry "FRA"]
[SourceTitle "EXT 2022"]
[Source "ChessBase"]
[SourceDate "2021.10.06"]
[SourceVersion "1"]
[SourceVersionDate "2021.10.06"]
[SourceQuality "1"]

1. c4 e5 2. g3 Nf6 3. Bg2 c6 4. Nc3 d5 5. cxd5 cxd5 6. e3 Nc6 7. d4 e4 8. Nge2 Be7 9. 0-0 0-0 10. b3 b6 11. Bb2 Ba6 12. a3 Rc8 13. f3 exf3 14. Bxf3 Re8 15. Re1 Bf8 16. Nf4 Ne7 17. Rc1 Bb7 18. Qd3 g6 19. Bg2 Bg7 20. a4 a6 21. Ba3 Rc7 22. a5 bxa5 23. Bc5 Rc6 24. Bxe7 Qxe7 25. Ncxd5 Nxd5 26. Nxd5 Qd7 27. Rxc6 Bxc6 28. Nb6 Qb7 29. Nc4 Bxg2 0-1